00393nam a2200121Ia 4500001000400000008004100004082002800045100006500073245006600138260002400204901002800228999001500256919241024s9999 xx 000 0 und d aRD/372.97293/R426p/CMEI aRepública Dominicana.Secretaría de Estado de Educación 0aManual de Gestión Centro Modelo de Educación Inicial CMEI bSanto Domingoc2004 a9/12/2010 11:57:16 a.m. c8610d8610